00377nam a22001337a 450000500170000000800410001704100130005808200130007110000130008424500400009726000550013730000250019265000260021720240708130826.0240708b |||||||| |||| 00| 0 eng d aEnglish  a349 PRE  lEnglish  aPrentice Hall Weekly Legal Reports  aDurban: bPrentice Hall Services (Pty) Ltd, c1948 b131 pages; c26 cm.  aLegal practice bLaw